Geografia de las dunas costeras de Chile. Instrumentos y pautas para su manejo integrado
Uloženo v:
| Hlavní autor: | |
|---|---|
| Médium: | Neznámo |
| Jazyk: | angličtina |
| Vydáno: |
Santiago, Chile.
Ediciones UC,
2015
|
| Témata: | |
| Tagy: |
Přidat tag
Žádné tagy, Buďte první, kdo vytvoří štítek k tomuto záznamu!
|
MARC
| LEADER | 00000 a2200000 4500 | ||
|---|---|---|---|
| 003 | CL-VaPUC | ||
| 005 | 20211027100310.0 | ||
| 008 | 201210b ||||| |||| 00| 0 eng d | ||
| 999 | |c 432284 |d 432282 | ||
| 020 | |a 9789561416789 | ||
| 040 | |c Pontificia Universidad Católica de Valparaíso | ||
| 082 | |a 551.3750983 CAS 2015 | ||
| 100 | |a Castro Avaria, Consuelo |9 858195 | ||
| 245 | |a Geografia de las dunas costeras de Chile. |b Instrumentos y pautas para su manejo integrado | ||
| 260 | |a Santiago, Chile. |b Ediciones UC, |c 2015 | ||
| 300 | |a 275 páginas | ||
| 583 | |k Cristina Rojas |c 20201210 | ||
| 650 | |a Dunas |z Chile |9 858622 | ||
| 942 | |2 ddc |c BK | ||
| 952 | |0 0 |1 0 |2 ddc |4 0 |6 551_375098300000000_CAS_2015 |7 0 |8 A |9 577082 |a BIBING |b BIBING |d 2020-12-10 |e 21 |g 15434.00 |i 5579112 |l 3 |m 1 |o 551.3750983 CAS 2015 |p 5579112 |r 2025-01-20 |s 2024-10-10 |t 3 |v 15434.00 |w 2020-12-10 |y BK |k GEO | ||
| 952 | |0 0 |1 0 |2 ddc |4 0 |6 551_375098300000000_CAS_2015 |7 0 |8 A |9 577083 |a BIBING |b BIBING |d 2020-12-10 |e 21 |g 15434.00 |i 5579090 |l 2 |m 1 |o 551.3750983 CAS 2015 |p 5579090 |r 2025-05-05 |s 2025-04-11 |t 1 |v 15434.00 |w 2020-12-10 |y BK |k GEO | ||
| 952 | |0 0 |1 0 |2 ddc |4 0 |6 551_375098300000000_CAS_2015 |7 0 |8 A |9 577084 |a BIBING |b BIBING |d 2020-12-10 |e 21 |g 15434.00 |i 5579104 |o 551.3750983 CAS 2015 |p 5579104 |r 2025-01-20 |t 2 |v 15434.00 |w 2020-12-10 |y BK |k GEO | ||